| 000 | 00693nam a2200253 a 4500 | ||
|---|---|---|---|
| 001 | vtls001802031 | ||
| 003 | NLI | ||
| 005 | 20210629045711.0 | ||
| 008 | 140215s1948 xx 000 0 eng | ||
| 039 | 9 |
_y201402152253 _zVLOAD |
|
| 040 |
_a NLI _b eng _c Entertech IMP - 2013 _e AACR2 |
||
| 041 | 0 | _aeng | |
| 044 | _axx | ||
| 082 | _a156 | ||
| 100 | 1 |
_aHousman, Laurence _9747723 |
|
| 245 | 1 | 0 |
_aStrange ends discoveries / _cLaurence Housman |
| 260 |
_a[S.l.] : _b[s.n.], _c1948 |
||
| 650 | 0 |
_aIbn Khallikans _xBiographical _vDictionaries |
|
| 887 | _a | ||
| 901 | _aIMP43097 | ||
| 902 | _a156. C. 1323. | ||
| 949 |
_AVIRTUAITEM _D10000 _X100 _6IMP000043097ENG |
||
| 942 |
_2ddc _cBKS |
||
| 999 |
_c1237197 _d1237197 |
||